LEADER 01154nam0 22002891i 450 001 UON00059359 005 20231205102300.419 100 $a20020107d1975 |0itac50 ba 101 $ahin 102 $aIN 105 $a|||| 1|||| 200 1 $aBhavanti$fSacchidananda Vatsyayana 'Ajneya' 210 $aDilli$cRajapala enda Sansa$d1975 215 $a144 p.$d22 cm 606 $aLETTERATURA HINDI$xPOESIA E TEATRO$3UONC000963$2FI 620 $aIN$dNew Delhi$3UONL000110 686 $aSI VI CC$cSUBCONT. INDIANO - LETTERATURA HINDI - MODERNA E CONTEMPORANEA - POESIA$2A 700 0$aAJNEYA$3UONV004330$0637868 712 $aRajapala enda Sanza$3UONV247065$4650 790 1$aVATSYAYAN, Saccidanand Hiracand$zAJNEYA$3UONV005514 790 1$aAJNEYA, Sacchidananda Hirachanda Vatsyayana$zAJNEYA$3UONV038497 801 $aIT$bSOL$c20240220$gRICA 899 $aSIBA - SISTEMA BIBLIOTECARIO DI ATENEO$2UONSI 912 $aUON00059359 950 $aSIBA - SISTEMA BIBLIOTECARIO DI ATENEO$dSI SI VI Cc 073 $eSI SA 1967 5 073 996 $aBhavanti$91167987 997 $aUNIOR LEADER 01756nam 2200277la 450 001 9910481496503321 005 20230503102707.0 035 $a(UK-CbPIL)2090357324 035 $a(CKB)5500000000105550 035 $a(EXLCZ)995500000000105550 100 $a20230503d1599 uy | 101 0 $aita 135 $aurcn||||a|bb| 200 10$aDella tramutatione metallica sogni tre, di Gio. Battista Nazari bresciano nel primo de quali si tratta della falsa tramutatione sofistica: nel secondo della vtile tramutatione detta reale vsuale: nel terzo della diuina tramutatione detta reale filosofiapproximately Aggiontoui di nuouo la Concordanza de filosofi, & loro prattica; ... Con vn copioso indice per ciascun sogno de gli auttori, & dell'opera c'hanno sopra di cio? trattato 210 $aBrescia $cPietro Maria Marchetti, active 1565-1615$d1599 215 $aOnline resource ([16], 231, [1] p., 4°.) 300 $aReproduction of original in Biblioteca Nazionale Centrale di Firenze. 700 $aNazari$b Giovanni Battista$0915105 701 $aMarchetti$b Pietro Maria$factive 1565-1615.$0915106 712 02$aFrancescani Convento di S. Giovanni Battista a Sandetole, Firenze. 801 0$bUk-CbPIL 801 1$bUk-CbPIL 906 $aBOOK 912 $a9910481496503321 996 $aDella tramutatione metallica sogni tre, di Gio. Battista Nazari bresciano nel primo de quali si tratta della falsa tramutatione sofistica: nel secondo della vtile tramutatione detta reale vsuale: nel terzo della diuina tramutatione detta reale filosofiapproximately Aggiontoui di nuouo la Concordanza de filosofi, & loro prattica; ... Con vn copioso indice per ciascun sogno de gli auttori, & dell'opera c'hanno sopra di ciņ trattato$92050870 997 $aUNINA